| 000 | 01251nam a2200325 a 4500 | ||
|---|---|---|---|
| 001 | 000109967 | ||
| 003 | CHAP | ||
| 005 | 20220329144110.0 | ||
| 008 | 140616s2014 mx sm |||||||spa d | ||
| 010 | _a106429 | ||
| 011 | _a107401 | ||
| 040 | _cCHAP | ||
| 090 | _aTesis | ||
| 100 | 1 |
_aHernández López, Vladimir Lennin _9127337 |
|
| 245 | 1 | 0 |
_aDiseño y construcción de invernadero de 10 000 m2 en San Salvador Hidalgo, México en la empresa hortalizas del valle _h[En línea] _cpor Vladimir Lennin Hernández López. |
| 260 |
_aChapingo, Méx. : _bEl autor, _c2014. |
||
| 500 | _aPara ver el contenido del material haga clic en la liga | ||
| 502 | _aTesis (Ing. Mecánico Agrícola ) -- UACH. Departamento de Ingeniería Mecánica Agrícola | ||
| 590 |
_aBATCH-UPD _b05 _c20141002 _lUCH01 _h0904 |
||
| 590 |
_aE6096MTM _b05 _c20140616 _lUCH01 _h1342 |
||
| 590 |
_aE6096MTM _b05 _c20140616 _lUCH01 _h1346 |
||
| 590 |
_aE6096MTM _b05 _c20140616 _lUCH01 _h1347 |
||
| 650 | 1 | 4 |
_aDiseño en ingeniería. _932730 |
| 650 | 1 | 4 |
_aEmpresas agropecuarias. _936649 |
| 650 | 1 | 4 |
_aInvernaderos _xDiseño y construcción. _960175 |
| 856 |
_aFinding aid _uhttp://10.13.5.2/tesis/sist109967.pdf _zTeclea aquí |
||
| 901 | _aBK | ||
| 942 | _cTESIS | ||
| 942 | _n0 | ||
| 999 |
_c106429 _d106429 |
||